000 01007nam a2200241 i 4500
001 24810
003 ES-MaACL
005 20251210181935.0
007 t|
008 021218s1984 sp ||||1| spa d
020 _a84-00-05669-8
110 2 _aEscuela de Genealogia, Heráldica y Nobiliaria.
_9157632
245 1 0 _aApuntes de Nobiliaria y nociones de Genealogía y Heráldica :
_bcurso de grado de la Escuela de Genealogía, Heráldica y Nobiliaria /
_clecciones pronunciadas por D. Francisco de Cadenas y Allende, D. Vicente de Cadenas y Vicent, D. Julio Atienza, Barón de Cobos de Belchite.
250 _a2ª ed.
260 _aMadrid :
_bInstituto Luis de Salazar y Castro (C.S.I.C.) :
_bHidalguía,
_c1984.
300 _a294 p. ;
_c26 cm.
504 _aBibliografía : p. 284-289.
650 0 4 _aHeráldica-
_zEspaña.
_913317
651 4 _aEspaña-
_xGenealogía.
_98199
700 0 _aCadenas y Allende, Francisco de
_933389
852 _aES-MaACL
_jL-10560
_bR.111006
999 _c24810
_d24810